General construction estimating standards.

Bibliographic Details
Previous Title:Richardson Engineering Services. Commercial-industrial estimating and engineering standards
Corporate Author: Richardson Engineering Services
Format: Serial
Language:English
Published: Solana Beach, Calif. : Richard Engineering Services, inc.
Subjects:

MARC

Tag First Indicator Second Indicator Subfields
LEADER 00000cas a2200000 4500
001 in00000077378
005 20151008052732.0
008 800514c19759999cauuu 0uuua0eng d
035 |a (OCoLC)06314862 
035 |9 AAH4672AM 
040 |c TXA  |d UtOrBLW 
049 |a TXAE [Latest] [ed: Ref]  |a TXAF 
090 |a TA404.5  |b .R5 
110 2 |a Richardson Engineering Services. 
245 1 0 |a General construction estimating standards. 
264 1 |a Solana Beach, Calif. :  |b Richard Engineering Services, inc. 
300 |a  volumes :  |b illustrations 
336 |a text  |b txt  |2 rdacontent 
337 |a unmediated  |b n  |2 rdamedia 
338 |a volume  |b nc  |2 rdacarrier 
362 0 |a 1975- 
500 |a "Richardson Rapid System." 
500 |a Title varies slightly. 
650 0 |a Buildings  |v Specifications. 
650 0 |a Standards, Engineering. 
650 0 |a Building construction contracts. 
780 0 0 |a Richardson Engineering Services.  |t Commercial-industrial estimating and engineering standards 
852 |8 0  |x LOOSELEAF: GIVE TO DALE 
999 |a MARS 
999 f f |s 5a87bcc4-0161-3439-a944-09b507611ecf  |i d7bf9fd4-7472-3489-ac54-827f35b8d462  |t 0 
952 f f |p ric  |a Texas A&M University  |b Rellis Campus  |c Joint Library Facility  |d Remote Storage  |t 0  |e TA404.5 .R5  |h Library of Congress classification  |i unmediated -- volume  |l 1987:v.1  |m A14817185135 
952 f f |p ric  |a Texas A&M University  |b Rellis Campus  |c Joint Library Facility  |d Remote Storage  |t 0  |e TA404.5 .R5  |h Library of Congress classification  |i unmediated -- volume  |l 1998:v.2  |m A14823261169 
952 f f |p ric  |a Texas A&M University  |b Rellis Campus  |c Joint Library Facility  |d Remote Storage  |t 0  |e TA404.5 .R5  |h Library of Congress classification  |i unmediated -- volume  |l 1992:v.2  |m A14817185410 
952 f f |p ric  |a Texas A&M University  |b Rellis Campus  |c Joint Library Facility  |d Remote Storage  |t 0  |e TA404.5 .R5  |h Library of Congress classification  |i unmediated -- volume  |l 1986:v.1  |m A14817185177 
952 f f |p ric  |a Texas A&M University  |b Rellis Campus  |c Joint Library Facility  |d Remote Storage  |t 0  |e TA404.5 .R5  |h Library of Congress classification  |i unmediated -- volume  |l 1990:v.3  |m A14814351290 
952 f f |p ric  |a Texas A&M University  |b Rellis Campus  |c Joint Library Facility  |d Remote Storage  |t 0  |e TA404.5 .R5  |h Library of Congress classification  |i unmediated -- volume  |l 1995:v.1  |m A14819872194 
952 f f |p ric  |a Texas A&M University  |b Rellis Campus  |c Joint Library Facility  |d Remote Storage  |t 0  |e TA404.5 .R5  |h Library of Congress classification  |i unmediated -- volume  |l 1997:v.2  |m A14823065953 
952 f f |p ric  |a Texas A&M University  |b Rellis Campus  |c Joint Library Facility  |d Remote Storage  |t 0  |e TA404.5 .R5  |h Library of Congress classification  |i unmediated -- volume  |l 1994:v.1  |m A14819759817 
952 f f |p ric  |a Texas A&M University  |b Rellis Campus  |c Joint Library Facility  |d Remote Storage  |t 0  |e TA404.5 .R5  |h Library of Congress classification  |i unmediated -- volume  |l 1999:v.3  |m A14827903179 
952 f f |p ric  |a Texas A&M University  |b Rellis Campus  |c Joint Library Facility  |d Remote Storage  |t 0  |e TA404.5 .R5  |h Library of Congress classification  |i unmediated -- volume  |l 1993:v.2  |m A14817870081 
952 f f |p ric  |a Texas A&M University  |b Rellis Campus  |c Joint Library Facility  |d Remote Storage  |t 0  |e TA404.5 .R5  |h Library of Congress classification  |i unmediated -- volume  |l 1985:v.3  |m A14817185282 
952 f f |p ric  |a Texas A&M University  |b Rellis Campus  |c Joint Library Facility  |d Remote Storage  |t 0  |e TA404.5 .R5  |h Library of Congress classification  |i unmediated -- volume  |l 1997:v.3  |m A14823065961 
952 f f |p ric  |a Texas A&M University  |b Rellis Campus  |c Joint Library Facility  |d Remote Storage  |t 0  |e TA404.5 .R5  |h Library of Congress classification  |i unmediated -- volume  |l 1993:v.1  |m A14817870099 
952 f f |p ric  |a Texas A&M University  |b Rellis Campus  |c Joint Library Facility  |d Remote Storage  |t 0  |e TA404.5 .R5  |h Library of Congress classification  |i unmediated -- volume  |l 1998:v.3  |m A14823261232 
952 f f |p ric  |a Texas A&M University  |b Rellis Campus  |c Joint Library Facility  |d Remote Storage  |t 0  |e TA404.5 .R5  |h Library of Congress classification  |i unmediated -- volume  |l 1982/1983:v.2  |m A14817185193 
952 f f |p ric  |a Texas A&M University  |b Rellis Campus  |c Joint Library Facility  |d Remote Storage  |t 0  |e TA404.5 .R5  |h Library of Congress classification  |i unmediated -- volume  |l 1982/1983:v.3  |m A14817185240 
952 f f |p ric  |a Texas A&M University  |b Rellis Campus  |c Joint Library Facility  |d Remote Storage  |t 0  |e TA404.5 .R5  |h Library of Congress classification  |i unmediated -- volume  |l 1986:v.2  |m A14817185224 
952 f f |p ric  |a Texas A&M University  |b Rellis Campus  |c Joint Library Facility  |d Remote Storage  |t 0  |e TA404.5 .R5  |h Library of Congress classification  |i unmediated -- volume  |l 1991:v.1  |m A14815529969 
952 f f |p ric  |a Texas A&M University  |b Rellis Campus  |c Joint Library Facility  |d Remote Storage  |t 0  |e TA404.5 .R5  |h Library of Congress classification  |i unmediated -- volume  |l 1987:v.2  |m A14814351240 
952 f f |p ric  |a Texas A&M University  |b Rellis Campus  |c Joint Library Facility  |d Remote Storage  |t 0  |e TA404.5 .R5  |h Library of Congress classification  |i unmediated -- volume  |l 1994:v.3  |m A14819759639 
952 f f |p ric  |a Texas A&M University  |b Rellis Campus  |c Joint Library Facility  |d Remote Storage  |t 0  |e TA404.5 .R5  |h Library of Congress classification  |i unmediated -- volume  |l 1992:v.3  |m A14817185509 
952 f f |p ric  |a Texas A&M University  |b Rellis Campus  |c Joint Library Facility  |d Remote Storage  |t 0  |e TA404.5 .R5  |h Library of Congress classification  |i unmediated -- volume  |l 1999:v.1  |m A14827903098 
952 f f |p ric  |a Texas A&M University  |b Rellis Campus  |c Joint Library Facility  |d Remote Storage  |t 0  |e TA404.5 .R5  |h Library of Congress classification  |i unmediated -- volume  |l 1991:v.2  |m A14815529626 
952 f f |p ric  |a Texas A&M University  |b Rellis Campus  |c Joint Library Facility  |d Remote Storage  |t 0  |e TA404.5 .R5  |h Library of Congress classification  |i unmediated -- volume  |l 1976/1977:v.2  |m A14824181281 
952 f f |p ric  |a Texas A&M University  |b Rellis Campus  |c Joint Library Facility  |d Remote Storage  |t 0  |e TA404.5 .R5  |h Library of Congress classification  |i unmediated -- volume  |l 1990:v.2  |m A14814351347 
952 f f |p ric  |a Texas A&M University  |b Rellis Campus  |c Joint Library Facility  |d Remote Storage  |t 0  |e TA404.5 .R5  |h Library of Congress classification  |i unmediated -- volume  |l 1999:v.2  |m A14827903137 
952 f f |p ric  |a Texas A&M University  |b Rellis Campus  |c Joint Library Facility  |d Remote Storage  |t 0  |e TA404.5 .R5  |h Library of Congress classification  |i unmediated -- volume  |l 1986:v.3  |m A14817185274 
952 f f |p ric  |a Texas A&M University  |b Rellis Campus  |c Joint Library Facility  |d Remote Storage  |t 0  |e TA404.5 .R5  |h Library of Congress classification  |i unmediated -- volume  |l 1992:v.1  |m A14817185371 
952 f f |p ric  |a Texas A&M University  |b Rellis Campus  |c Joint Library Facility  |d Remote Storage  |t 0  |e TA404.5 .R5  |h Library of Congress classification  |i unmediated -- volume  |l 1997:v.1  |m A14823065945 
952 f f |p ric  |a Texas A&M University  |b Rellis Campus  |c Joint Library Facility  |d Remote Storage  |t 0  |e TA404.5 .R5  |h Library of Congress classification  |i unmediated -- volume  |l 1985:v.2  |m A14817185232 
952 f f |p ric  |a Texas A&M University  |b Rellis Campus  |c Joint Library Facility  |d Remote Storage  |t 0  |e TA404.5 .R5  |h Library of Congress classification  |i unmediated -- volume  |l 1976/1977:v.1  |m A14824180510 
952 f f |p ric  |a Texas A&M University  |b Rellis Campus  |c Joint Library Facility  |d Remote Storage  |t 0  |e TA404.5 .R5  |h Library of Congress classification  |i unmediated -- volume  |l 1976/1977:v.3  |m A14824181524 
952 f f |p ric  |a Texas A&M University  |b Rellis Campus  |c Joint Library Facility  |d Remote Storage  |t 0  |e TA404.5 .R5  |h Library of Congress classification  |i unmediated -- volume  |l 1985:v.1  |m A14817185185 
952 f f |p ric  |a Texas A&M University  |b Rellis Campus  |c Joint Library Facility  |d Remote Storage  |t 0  |e TA404.5 .R5  |h Library of Congress classification  |i unmediated -- volume  |l 1982/1983:v.1  |m A14817185143 
952 f f |p ric  |a Texas A&M University  |b Rellis Campus  |c Joint Library Facility  |d Remote Storage  |t 0  |e TA404.5 .R5  |h Library of Congress classification  |i unmediated -- volume  |l 1995:v.2  |m A14819872144 
952 f f |p ric  |a Texas A&M University  |b Rellis Campus  |c Joint Library Facility  |d Remote Storage  |t 0  |e TA404.5 .R5  |h Library of Congress classification  |i unmediated -- volume  |l 1994:v.2  |m A14819759689 
952 f f |p ric  |a Texas A&M University  |b Rellis Campus  |c Joint Library Facility  |d Remote Storage  |t 0  |e TA404.5 .R5  |h Library of Congress classification  |i unmediated -- volume  |l 1998:v.1  |m A14823261177 
952 f f |p ric  |a Texas A&M University  |b Rellis Campus  |c Joint Library Facility  |d Remote Storage  |t 0  |e TA404.5 .R5  |h Library of Congress classification  |i unmediated -- volume  |l 1995:v.3  |m A14819872348 
952 f f |p ric  |a Texas A&M University  |b Rellis Campus  |c Joint Library Facility  |d Remote Storage  |t 0  |e TA404.5 .R5  |h Library of Congress classification  |i unmediated -- volume  |l 1993:v.3  |m A14817948143 
952 f f |p ric  |a Texas A&M University  |b Rellis Campus  |c Joint Library Facility  |d Remote Storage  |t 0  |e TA404.5 .R5  |h Library of Congress classification  |i unmediated -- volume  |l 1987:v.3  |m A14814351193 
952 f f |p ric  |a Texas A&M University  |b Rellis Campus  |c Joint Library Facility  |d Remote Storage  |t 0  |e TA404.5 .R5  |h Library of Congress classification  |i unmediated -- volume  |l 1991:v.3  |m A14815529634 
952 f f |p ric  |a Texas A&M University  |b Rellis Campus  |c Joint Library Facility  |d Remote Storage  |t 0  |e TA404.5 .R5  |h Library of Congress classification  |i unmediated -- volume  |l 1990:v.1  |m A14814351397 
998 f f |a TA404.5 .R5  |s 1997-1999  |t 0  |l Remote Storage